| 000 | 00793 a2200181 4500 | ||
|---|---|---|---|
| 003 | Nust | ||
| 005 | 20221209113301.0 | ||
| 020 | _a8125909435 | ||
| 040 | _cNust | ||
| 082 | _a621.382,RAO | ||
| 100 |
_aRao, S Poornachandra, _9104546 |
||
| 245 |
_aHandbook of experiments in electronics and communication engineering / _cS Poornachandra Rao & B Sasikala |
||
| 260 |
_aIndia _bVikas Publishing House Pvt Ltd _c2003 |
||
| 300 |
_axvi, 267 p _billus _c18 cm |
||
| 505 | _aBasic Network (Page-1), Device Characteristics (Page-2), Amplifier Circuit Design (Page-3), Operational Amplifier (Page-4), Digital Electronics (Page-5), Communication Circuits (Page-6), Microwave Communication Circuits (Page-7), Microprocessor 8085 (Page-8), | ||
| 650 | _aTelecommunication Engineering | ||
| 942 |
_2ddc _cBK |
||
| 999 |
_c188615 _d188615 |
||